00678nam a2200181Ia 450000500170000000800410001704100080005808200150006610000190008124500340010026000550013430000090018950000750019870000420027394200070031599900170032295201570033920230417141417.0230125s9999 xx 000 0 und d aeng a658.8bSOO aSood A9115781 aCases In Marketing Management c2009bSymbiosis centre for distance learningaPune a696p aCase Studies in Marketing Management;Case Studies;Marketing Management aSood A & Nandini Madan, Donor9115782 cDB c93589d93589 00104070aHIMRbHIMRd2015-06-16eDonated Book- Outside Donarg1.00o658.8 SOO DB1951pHIMR-DB-1951r2023-01-25 00:00:00v1.00w2023-01-25yDBzDB1951